<?xml version="1.0" encoding="UTF-8"?>
<collection xmlns="http://www.loc.gov/MARC21/slim">
  <record>
    <leader>00000nam  2200000   4500</leader>
    <controlfield tag="001">NUTBA000000000003067</controlfield>
    <controlfield tag="005">20140718105648.0</controlfield>
    <controlfield tag="006"/>
    <controlfield tag="007"/>
    <controlfield tag="008">                                        </controlfield>
    <datafield tag="035" ind1="#" ind2="#">
      <subfield code="a">0010-071400000000255</subfield>
    </datafield>
    <datafield tag="040" ind1="#" ind2="#">
      <subfield code="a">NBPDMAT</subfield>
    </datafield>
    <datafield tag="082" ind1="#" ind2="#">
      <subfield code="a">616.73</subfield>
    </datafield>
    <datafield tag="090" ind1="#" ind2="#">
      <subfield code="a">616.73</subfield>
      <subfield code="b">Cok d</subfield>
    </datafield>
    <datafield tag="100" ind1="#" ind2="#">
      <subfield code="a">Cokorda G&gt;B. Mahadewa</subfield>
    </datafield>
    <datafield tag="245" ind1="#" ind2="#">
      <subfield code="a">Diagnosis dan tatalaksana kegawat daruratan tulang belakang</subfield>
      <subfield code="b">untuk mahasiswa, paramedias, dokter umum dan dokter residen</subfield>
      <subfield code="c">Tjokorda G. B. Mahadewa</subfield>
    </datafield>
    <datafield tag="260" ind1="#" ind2="#">
      <subfield code="a">Jakarta</subfield>
      <subfield code="b">Sagung seto</subfield>
      <subfield code="c">2009.</subfield>
    </datafield>
    <datafield tag="300" ind1="#" ind2="#">
      <subfield code="a">244 hlm4bilus</subfield>
      <subfield code="c">23 cm.</subfield>
    </datafield>
    <datafield tag="650" ind1="#" ind2="#">
      <subfield code="a">Diagnosis</subfield>
    </datafield>
    <datafield tag="850" ind1="#" ind2="#">
      <subfield code="a">NBPDMAT</subfield>
    </datafield>
    <datafield tag="990" ind1="#" ind2="#">
      <subfield code="a">21300240</subfield>
    </datafield>
    <datafield tag="990" ind1="#" ind2="#">
      <subfield code="a">21400613/BPAP-NTB/20142014</subfield>
    </datafield>
    <datafield tag="990" ind1="#" ind2="#">
      <subfield code="a">03560356</subfield>
    </datafield>
    <datafield tag="990" ind1="#" ind2="#">
      <subfield code="a">1202000356</subfield>
    </datafield>
    <datafield tag="990" ind1="#" ind2="#">
      <subfield code="a">21400613/BPAP-NTB/20142014</subfield>
    </datafield>
  </record>
</collection>
